书目信息 |
| 题名: |
社会学方法的规则
|
|
| 作者: | 迪尔凯姆 著 ;胡伟 译 | |
| 分册: | ||
| 出版信息: | 北京 华夏出版社 1999.1 |
|
| 页数: | 120页 | |
| 开本: | 20cm | |
| 丛书名: | 现代西方思想文库 | |
| 单 册: | ||
| 中图分类: | C91-03 | |
| 科图分类: | ||
| 主题词: | 社会学--科学方法论 | |
| 电子资源: | ||
| ISBN: | 7-5080-1654-8 | |
| 000 | 00685nam2 2200241 45 | |
| 001 | 0104091475 | |
| 005 | 20041209112100.0 | |
| 010 | @a7-5080-1654-8@dCNY8.20 | |
| 100 | @a20010409d1999 km y0chiy0120 ea | |
| 101 | 0 | @achi@cfre |
| 105 | @a z 000yy | |
| 200 | 1 | @a社会学方法的规则@AShe Hui Xue Fang Fa De Gui Ze@f(法)迪尔凯姆著@F(Fa)Di Er Kai Mu Zhu@g胡伟译 |
| 205 | @a2版 | |
| 210 | @a北京@c华夏出版社@d1999.1 | |
| 215 | @a120页@d20cm | |
| 225 | @a现代西方思想文库 | |
| 410 | @12001 @a现代西方思想文库 | |
| 606 | 0 | @a社会学@x科学方法论 |
| 690 | @aC91-03@v2 | |
| 701 | 0 | @a迪尔凯姆@4著 |
| 702 | 0 | @a胡伟@AHu Wei@4译 |
| 801 | @aCN@bTSTC@c20010514 | |
| 905 | @dC91-03@e250=2 | |
| 社会学方法的规则/(法)迪尔凯姆著/胡伟译.-2版.-北京:华夏出版社,1999.1 |
| 120页;20cm.-(现代西方思想文库) |
| ISBN 7-5080-1654-8:CNY8.20 |
| ● |
| 相关链接 |
|
|
|
|
正题名:社会学方法的规则
索取号:C91-03/250=2
 
预约/预借
| 序号 | 登录号 | 条形码 | 馆藏地/架位号 | 状态 | 备注 |
| 1 | 0296694 | 002966945 | 第一借阅区/ [索取号:C91-03/250=2] | 在馆 | |
| 2 | 0296695 | 002966954 | 教育系资料室/ [索取号:C91-03/250=2] | 在馆 | |
| 3 | 0296696 | 002966963 | 第一借阅区/ [索取号:C91-03/250=2] | 在馆 | |
| 4 | 0296697 | 002966972 | 教育系资料室/ [索取号:C91-03/250=2] | 在馆 | |
| 5 | 0296698 | 002966981 | 教育系资料室/ [索取号:C91-03/250=2] | 在馆 | |
| 6 | 0296699 | 002966990 | 第一样本阅览室/ [索取号:C91-03/250=2] | 在馆 |